[Event "FICS rated blitz game"]
[Site "FICS freechess.org"]
[Date "2018.01.12"]
[Round "?"]
[White "capricornus"]
[Black "DGTMan"]
[Result "1-0"]
[WhiteElo "1358"]
[BlackElo "1278"]
[PlyCount "49"]
[EventDate "2018.??.??"]
[EventType "blitz"]

1. e4 e5 2. Nf3 Nc6 3. c3 Nf6 4. d3 d5 5. exd5 Nxd5 6. b4 Bg4 7. Be2 Bd6 8. a4
O-O 9. b5 Nce7 10. O-O c6 11. c4 Nf6 12. Bg5 Ng6 13. Nbd2 c5 14. Ne4 Bb8 15.
Bxf6 gxf6 16. Nxc5 Bxf3 17. Bxf3 Qc7 18. Ne4 f5 19. Ng3 Nh4 20. Rc1 Nxf3+ 21.
Qxf3 Kh8 22. Qxf5 Rg8 23. Qf6+ Rg7 24. Nh5 Qd6 25. Qxg7# {Black checkmated} 1-0

[Event "FICS rated standard game"]
[Site "FICS freechess.org"]
[Date "2018.01.12"]
[Round "?"]
[White "VAKarpov"]
[Black "snazzzzzz"]
[Result "1/2-1/2"]
[WhiteElo "1656"]
[BlackElo "1587"]
[PlyCount "297"]
[EventDate "2018.??.??"]

1. e4 e5 2. Nf3 Nc6 3. c3 a6 4. Bd3 Bc5 5. O-O d6 6. Bc2 Bg4 7. h3 Bh5 8. d3
Qf6 9. g4 Bg6 10. Kg2 h5 11. Nh2 hxg4 12. Qxg4 Bh5 13. Qg3 Nh6 14. Nd2 O-O-O
15. Ndf3 Bxf3+ 16. Nxf3 Qe6 17. Ng5 Qd7 18. Nf3 f5 19. exf5 Nxf5 20. Qg4 g6 21.
d4 exd4 22. Bxf5 gxf5 23. Qg3 Rdg8 24. Bg5 Ne5 25. Nxd4 Bxd4 26. cxd4 Qc6+ 27.
f3 Qc2+ 28. Rf2 Qd3 29. dxe5 dxe5 30. h4 f4 31. Qg4+ Kb8 32. Qe6 Qh7 33. Qxe5
Qxh4 34. Kf1 Qh1+ 35. Ke2 Qxa1 36. Bxf4 Re8 37. Rf1 Rxe5+ 38. Bxe5 Qxf1+ 39.
Kxf1 Re8 40. f4 Ka7 41. Bxc7 b5 42. Kf2 Re7 43. Be5 Kb6 44. Kf3 Kc5 45. b4+ Kc4
46. Ke4 Rh7 47. Bd6 Rh2 48. f5 Re2+ 49. Kf4 Rxa2 50. f6 Kd5 51. Be7 Ke6 52. Kg5
Rg2+ 53. Kh6 Kf7 54. Kh5 Rh2+ 55. Kg5 Rg2+ 56. Kf5 Rh2 57. Ke4 Rh4+ 58. Kd5
Rh5+ 59. Kc6 Re5 60. Kb6 Re6+ 61. Ka5 Ke8 62. Bc5 Kf7 63. Bb6 Rxf6 64. Kxa6 Rf5
65. Bc5 Ke6 66. Kxb5 Kd7 67. Kb6 Kc8 68. Kb5 Kb7 69. Ka5 Re5 70. Kb5 Rd5 71.
Kc4 Rh5 72. Kb5 Rh1 73. Ka5 Rb1 74. Kb5 Rb2 75. Kc4 Rc2+ 76. Kb5 Rb2 77. Kc4
Rb1 78. Kb5 Rh1 79. Kc4 Rh4+ 80. Kb5 Rh5 81. Kc4 Kc7 82. Kb5 Kb7 83. Kc4 Kc6
84. Kb3 Kb5 85. Kc3 Rh3+ 86. Kd4 Rh4+ 87. Kd5 Rh5+ 88. Kd6 Rh6+ 89. Kd5 Rh4 90.
Kd6 Rc4 91. Kd5 Rc1 92. Kd6 Rd1+ 93. Kc7 Rb1 94. Kd6 Ra1 95. Kd5 Rd1+ 96. Ke6
Re1+ 97. Kd6 Rd1+ 98. Kc7 Rc1 99. Kd6 Rb1 100. Kd5 Ra1 101. Kd6 Ra6+ 102. Kd5
Rh6 103. Kd4 Rh4+ 104. Kd5 Rc4 105. Kd6 Rc2 106. Kd5 Rc1 107. Kd6 Rc4 108. Kd5
Rc2 109. Kd6 Rd2+ 110. Ke5 Re2+ 111. Kd5 Rh2 112. Kd4 Rh4+ 113. Kd5 Rh5+ 114.
Kd6 Rh2 115. Kd5 Rd2+ 116. Ke5 Rb2 117. Kd4 Rb3 118. Kd5 Rb1 119. Kd4 Rd1+ 120.
Ke5 Re1+ 121. Kd6 Rh1 122. Ke5 Rh3 123. Kd6 Rh6+ 124. Kd5 Ra6 125. Kd4 Ra1 126.
Kd5 Rd1+ 127. Ke6 Rb1 128. Kd5 Ra1 129. Ke6 Ra4 130. Kd5 Ra8 131. Ke4 Re8+ 132.
Kd5 Re1 133. Kd4 Ra1 134. Kc3 Ra3+ 135. Kb2 Rh3 136. Kc2 Rh2+ 137. Kd3 Ra2 138.
Kd4 Rd2+ 139. Kc3 Rh2 140. Kd4 Rh1 141. Kd3 Rh2 142. Kd4 Rh4+ 143. Kc3 Rc4+
144. Kd3 Rc1 145. Kd2 Rc4 146. Kd3 Rh4 147. Ke3 Rh3+ 148. Kd4 Rh4+ 149. Kd3
1/2-1/2

[Event "FICS rated standard game"]
[Site "FICS freechess.org"]
[Date "2018.01.12"]
[Round "?"]
[White "piaanist"]
[Black "caryoscelus"]
[Result "0-1"]
[WhiteElo "1459"]
[BlackElo "1835"]
[PlyCount "32"]
[EventDate "2018.??.??"]

1. e4 e5 2. Nf3 Nc6 3. c3 a6 4. Bd3 d5 5. Bc2 Bc5 6. d4 exd4 7. cxd4 dxe4 8.
Bxe4 Nxd4 9. Nxd4 Qxd4 10. O-O Ne7 11. Re1 Qxf2+ 12. Kh1 Bd6 13. Rf1 Qh4 14. h3
Qxe4 15. Bg5 Bxh3 16. Bxe7 Qxg2# {White checkmated} 0-1

[Event "South Africa-ch Inter Regional"]
[Site "Boksburg"]
[Date "2018.01.11"]
[Round "5.3"]
[White "Mbedza, Richard"]
[Black "Mlahleki, Vusimuzi"]
[Result "1-0"]
[WhiteElo "1970"]
[BlackElo "1920"]
[PlyCount "131"]
[EventDate "2018.01.09"]
[EventType "team-swiss"]
[EventRounds "7"]
[EventCountry "RSA"]
[SourceTitle "OM OTB B 201907"]
[Source "Opening Master"]
[SourceDate "2019.07.06"]
[SourceVersion "2"]
[SourceVersionDate "2019.07.06"]
[SourceQuality "1"]
[WhiteTeam "Ekurhuleni"]
[BlackTeam "Tshwane Impis"]
[WhiteTeamCountry "RSA"]
[BlackTeamCountry "RSA"]

1. e4 e5 2. Nf3 Nc6 3. c3 d5 4. Qa4 Bd7 5. exd5 Nd4 6. Qd1 Nxf3+ 7. Qxf3 Nf6 8.
Bc4 c6 9. dxc6 Bxc6 10. Qg3 Qc7 11. d3 O-O-O 12. O-O Bd6 13. Qh4 h6 14. Be3 g5
15. Qh3+ Kb8 16. Qf5 Nd5 17. Nd2 Nxe3 18. fxe3 Qb6 19. d4 Qxb2 20. Qd3 exd4 21.
cxd4 Bb4 22. Nf3 Bxf3 23. gxf3 Bd6 24. Qe2 Qxe2 25. Bxe2 Rhe8 26. Kf2 Re7 27.
Rab1 Rc8 28. Bd3 Rc3 29. Rb3 Rc6 30. h3 h5 31. Rg1 f6 32. Rgb1 h4 33. Be4 Rcc7
34. R1b2 Rg7 35. a4 Rge7 36. a5 Rg7 37. Rb5 Rgf7 38. Ke2 Bf8 39. Bf5 Rg7 40.
Rd5 Be7 41. Kd3 a6 42. Rb6 Ka7 43. Be4 Rg8 44. Bf5 Rf8 45. e4 Kb8 46. Rd7 Rfc8
47. Rxc7 Rxc7 48. d5 Rc5 49. Re6 Bd8 50. Re8 Kc7 51. d6+ Kxd6 52. Rxd8+ Ke5 53.
Bc8 Kf4 54. Bxb7 Rxa5 55. Rd6 Kxf3 56. e5+ Kg3 57. exf6 Rf5 58. Rxa6 Rf4 59.
Bc8 Kf3 60. Be6 Kg3 61. f7 Rf1 62. Ra8 Rxf7 63. Bxf7 Kxh3 64. Rg8 Kg4 65. Be6+
Kf4 66. Bh3 1-0

[Event "FICS rated blitz game"]
[Site "FICS freechess.org"]
[Date "2018.01.11"]
[Round "?"]
[White "awitaliy"]
[Black "KIAUA"]
[Result "1-0"]
[WhiteElo "1313"]
[BlackElo "1350"]
[PlyCount "77"]
[EventDate "2018.??.??"]
[EventType "blitz"]

1. e4 e5 2. Nf3 Nc6 3. c3 Bc5 4. Bd3 Nf6 5. Bc2 O-O 6. O-O d6 7. h3 Be6 8. d4
exd4 9. cxd4 Bb6 10. d5 Bxh3 11. gxh3 Ne5 12. Nxe5 dxe5 13. Be3 Bxe3 14. fxe3
Nd7 15. Qg4 g6 16. Kf2 Nf6 17. Qg2 Nh5 18. Ke2 c6 19. Nc3 cxd5 20. exd5 Qa5 21.
Rad1 Qa6+ 22. Kd2 Rad8 23. Rc1 Qc4 24. Bd3 Qb4 25. Kc2 Rc8 26. Kb1 a5 27. a3
Qd6 28. Be2 Ng7 29. e4 f5 30. Nb5 Rxc1+ 31. Rxc1 Qb6 32. Bc4 Kh8 33. d6 Rd8 34.
Qd2 fxe4 35. Qd5 Nf5 36. Qxe5+ Ng7 37. Qxe4 Qf2 38. Qe7 Re8 39. Qxe8+ 1-0

[Event "FICS rated standard game"]
[Site "FICS freechess.org"]
[Date "2018.01.11"]
[Round "?"]
[White "uspehvenko"]
[Black "SujitTmd"]
[Result "1-0"]
[WhiteElo "1707"]
[BlackElo "1550"]
[PlyCount "39"]
[EventDate "2018.??.??"]

1. e4 e5 2. Nf3 Nc6 3. c3 Nf6 4. Qc2 Bc5 5. b4 Bb6 6. b5 Na5 7. Nxe5 Qe7 8. d4
d6 9. Ba3 c5 10. bxc6 bxc6 11. Bd3 O-O 12. Nd2 c5 13. Nef3 Bb7 14. O-O Rfe8 15.
d5 c4 16. Nxc4 Nxc4 17. Bxc4 Rac8 18. Bb5 Qxe4 19. Qb2 Re5 20. Nxe5 1-0

[Event "FICS rated blitz game"]
[Site "FICS freechess.org"]
[Date "2018.01.11"]
[Round "?"]
[White "fabiuscu"]
[Black "STROBOCHESS"]
[Result "0-1"]
[WhiteElo "1097"]
[BlackElo "1651"]
[PlyCount "60"]
[EventDate "2018.??.??"]
[EventType "blitz"]

1. e4 e5 2. Nf3 Nc6 3. c3 d5 4. d4 dxe4 5. Nfd2 Bf5 6. Bb5 exd4 7. Bxc6+ bxc6
8. c4 Nf6 9. h3 Bc5 10. b3 O-O 11. g4 Bg6 12. a3 a5 13. Nf1 Re8 14. Ng3 Qe7 15.
O-O e3 16. f3 e2 17. Nxe2 Qxe2 18. Qxe2 Rxe2 19. Bg5 Rae8 20. Nd2 h6 21. Bxf6
Rxd2 22. Bh4 d3+ 23. Kh1 Ree2 24. Bg3 Rg2 25. Rg1 Bxg1 26. Rxg1 Rxg1+ 27. Kxg1
Rb2 28. b4 axb4 29. axb4 d2 30. Bxc7 d1=Q# {White checkmated} 0-1

[Event "FICS rated blitz game"]
[Site "FICS freechess.org"]
[Date "2018.01.11"]
[Round "?"]
[White "Wickie"]
[Black "AlexKozl"]
[Result "0-1"]
[WhiteElo "1331"]
[BlackElo "1439"]
[PlyCount "42"]
[EventDate "2018.??.??"]
[EventType "blitz"]

1. e4 e5 2. Nf3 Nc6 3. c3 Bc5 4. Bc4 d6 5. d4 exd4 6. cxd4 Bb4+ 7. Nc3 Bg4 8.
O-O Nf6 9. d5 Ne5 10. Be2 Bxc3 11. bxc3 Nxe4 12. h3 Nxc3 13. Qc2 Nxe2+ 14. Qxe2
Bxf3 15. gxf3 O-O 16. Bb2 Re8 17. Kh1 Qf6 18. Rg1 g6 19. f4 Qxf4 20. Rg3 Nc4
21. Bc3 Rxe2 {White resigns} 0-1

[Event "FICS rated blitz game"]
[Site "FICS freechess.org"]
[Date "2018.01.11"]
[Round "?"]
[White "hoken"]
[Black "maraeka"]
[Result "1-0"]
[WhiteElo "1352"]
[BlackElo "1428"]
[PlyCount "75"]
[EventDate "2018.??.??"]
[EventType "blitz"]

1. e4 e5 2. Nf3 Nc6 3. c3 Bc5 4. d4 exd4 5. cxd4 Bb4+ 6. Nc3 Qe7 7. Bd3 d6 8.
a3 Ba5 9. O-O Bg4 10. h3 Bh5 11. Be2 Nf6 12. d5 Ne5 13. Bg5 O-O 14. Nd4 Bxe2
15. Qxe2 h6 16. Bh4 Ng6 17. Bg3 Bxc3 18. bxc3 Qxe4 19. Qxe4 Nxe4 20. c4 Nxg3
21. fxg3 Rfe8 22. h4 Re4 23. h5 Ne5 24. Nb5 Rxc4 25. Rac1 Rc8 26. Nxa7 Ra8 27.
Nb5 c6 28. Nxd6 Rxc1 29. Rxc1 cxd5 30. Nxb7 Rxa3 31. Rc5 Rxg3 32. Rxd5 Rg5 33.
Kf2 Rxh5 34. Nd6 Ng4+ 35. Kg3 Ne3 36. Rxh5 g6 37. Re5 f6 38. Rxe3 {Black
resigns} 1-0

[Event "FICS rated blitz game"]
[Site "FICS freechess.org"]
[Date "2018.01.11"]
[Round "?"]
[White "hastrman"]
[Black "chandhu"]
[Result "1-0"]
[WhiteElo "1597"]
[BlackElo "1237"]
[PlyCount "79"]
[EventDate "2018.??.??"]
[EventType "blitz"]

1. e4 e5 2. Nf3 Nc6 3. c3 d6 4. d4 exd4 5. cxd4 Bg4 6. Nc3 Qf6 7. Be3 Bxf3 8.
Qxf3 Qxf3 9. gxf3 O-O-O 10. Rg1 Nb4 11. Rc1 Kb8 12. a3 Nc6 13. d5 Nce7 14. Bc4
f5 15. Nb5 a6 16. Ba7+ Kc8 17. Nc3 b6 18. Bxa6+ Kd7 19. Nb5 Ke8 20. Nxc7+ Kf7
21. Ne6 Ra8 22. Rc7 fxe4 23. fxe4 Nf6 24. Bd3 Nfxd5 25. exd5 Kf6 26. Be4 Ke5
27. Nxf8 Kxe4 28. Rxe7+ Kxd5 29. Nd7 Rxa7 30. Nxb6+ Kc6 31. Rxa7 Kxb6 32. Raxg7
d5 33. Ke2 Kc5 34. Kd3 Rb8 35. b4+ Kd6 36. Rxh7 Rf8 37. Rh6+ Ke5 38. Rg5+ Rf5
39. Rxf5+ Kxf5 40. Kd4 1-0

[Event "FICS rated blitz game"]
[Site "FICS freechess.org"]
[Date "2018.01.11"]
[Round "?"]
[White "awitaliy"]
[Black "akaung"]
[Result "0-1"]
[WhiteElo "1328"]
[BlackElo "1312"]
[PlyCount "64"]
[EventDate "2018.??.??"]
[EventType "blitz"]

1. e4 e5 2. Nf3 Nc6 3. c3 Bc5 4. Bd3 a6 5. Bc2 Nf6 6. a3 O-O 7. O-O d5 8. d4
exd4 9. cxd4 Ba7 10. e5 Ne4 11. Bxe4 dxe4 12. Ng5 Bf5 13. Nc3 h6 14. Ngxe4 Bxd4
15. Qf3 Bxe4 16. Nxe4 Nxe5 17. Qg3 Ng6 18. Be3 Bxb2 19. Rad1 Qe7 20. f3 Bxa3
21. Rfe1 Rad8 22. Rb1 Bd6 23. Nxd6 Rxd6 24. Bc5 Qd7 25. Rxb7 Rd1 26. Bxf8 Rxe1+
27. Qxe1 Nxf8 28. Qc1 Ne6 29. h3 Kh7 30. Qb1+ g6 31. Qb4 Nd4 32. Qc4 Ne6 0-1

[Event "FICS rated blitz game"]
[Site "FICS freechess.org"]
[Date "2018.01.11"]
[Round "?"]
[White "kiknit"]
[Black "Fente"]
[Result "0-1"]
[WhiteElo "1375"]
[BlackElo "1770"]
[PlyCount "66"]
[EventDate "2018.??.??"]
[EventType "blitz"]

1. e4 e5 2. Nf3 Nc6 3. c3 Nf6 4. Bc4 Bc5 5. d4 exd4 6. Bg5 h6 7. Bh4 g5 8. Bg3
Nxe4 9. cxd4 Bb4+ 10. Nfd2 d5 11. Bb3 O-O 12. O-O Nxg3 13. fxg3 Kg7 14. Qf3 Be6
15. a3 Nxd4 16. Qd1 Bc5 17. Nc3 Nxb3+ 18. Kh1 Nxd2 19. Qxd2 c6 20. b4 Bb6 21.
Na4 Qd7 22. Nxb6 axb6 23. Qd4+ f6 24. h4 Bf5 25. hxg5 hxg5 26. Ra2 Be4 27. Raf2
Qe6 28. Kg1 Rxa3 29. Qxb6 Rf7 30. Qd8 Rxg3 31. Qb8 Qg4 32. Qd6 Rxg2+ 33. Rxg2
Qxg2# {White checkmated} 0-1

[Event "FICS rated blitz game"]
[Site "FICS freechess.org"]
[Date "2018.01.11"]
[Round "?"]
[White "JoaoC"]
[Black "wasz"]
[Result "1-0"]
[WhiteElo "1534"]
[BlackElo "1288"]
[PlyCount "61"]
[EventDate "2018.??.??"]
[EventType "blitz"]

1. e4 e5 2. Nf3 Nc6 3. c3 Bc5 4. Be2 d6 5. d3 a6 6. Nbd2 Ba7 7. Nf1 Nge7 8. Be3
b6 9. Ng3 O-O 10. d4 exd4 11. Nxd4 Nxd4 12. cxd4 Ng6 13. O-O d5 14. e5 Be6 15.
f4 Ne7 16. f5 Bc8 17. f6 gxf6 18. Rxf6 Ng6 19. Bg5 Qd7 20. h3 b5 21. Kh2 Qe8
22. Nh5 Qd7 23. Bg4 Qe8 24. Bxc8 Rxc8 25. Bh6 Bb6 26. Bxf8 Qxf8 27. Qg4 Qh6 28.
Raf1 Qd2 29. Rxf7 Bxd4 30. Qxc8+ Nf8 31. Qxf8# {Black checkmated} 1-0

[Event "FICS rated blitz game"]
[Site "FICS freechess.org"]
[Date "2018.01.11"]
[Round "?"]
[White "KleinerKoenig"]
[Black "TundraWalker"]
[Result "0-1"]
[WhiteElo "1229"]
[BlackElo "1424"]
[PlyCount "36"]
[EventDate "2018.??.??"]
[EventType "blitz"]

1. e4 e5 2. Nf3 Nc6 3. c3 d5 4. d4 dxe4 5. Nxe5 Nxe5 6. dxe5 Qxd1+ 7. Kxd1 Bc5
8. Be3 Bxe3 9. fxe3 Bf5 10. Be2 O-O-O+ 11. Nd2 Ne7 12. g4 Bg6 13. h4 h6 14. h5
Bh7 15. Rf1 f6 16. exf6 gxf6 17. Rxf6 Nd5 18. Ke1 Nxf6 {White resigns} 0-1

[Event "FICS rated blitz game"]
[Site "FICS freechess.org"]
[Date "2018.01.11"]
[Round "?"]
[White "gunilla"]
[Black "Bobok"]
[Result "0-1"]
[WhiteElo "1187"]
[BlackElo "1514"]
[PlyCount "82"]
[EventDate "2018.??.??"]
[EventType "blitz"]

1. e4 e5 2. Nf3 Nc6 3. c3 d5 4. exd5 Qxd5 5. c4 Qd8 6. d3 Nf6 7. Nc3 Be7 8. Be2
O-O 9. O-O Bf5 10. a3 h6 11. Nh4 Bh7 12. g3 Nd4 13. Bf3 Nxf3+ 14. Qxf3 c6 15.
Nf5 Qd7 16. Nxe7+ Qxe7 17. Ne4 Nd7 18. c5 Nxc5 19. b4 Bxe4 20. dxe4 Ne6 21. Be3
Rfd8 22. Rfd1 b6 23. Rac1 c5 24. bxc5 Nxc5 25. Rxd8+ Rxd8 26. Bxc5 bxc5 27. Qc3
Rc8 28. h4 f6 29. a4 Kh7 30. f4 Qb7 31. Re1 exf4 32. e5 fxe5 33. gxf4 exf4 34.
Qc2+ Kh8 35. Qf5 c4 36. Qxf4 Qb6+ 37. Kg2 Qc6+ 38. Kh3 Qd7+ 39. Kg3 c3 40. Rc1
Qd3+ 41. Kg4 Re8 0-1

[Event "FICS rated blitz game"]
[Site "FICS freechess.org"]
[Date "2018.01.11"]
[Round "?"]
[White "ALSChess"]
[Black "khuizen"]
[Result "1/2-1/2"]
[WhiteElo "1258"]
[BlackElo "1373"]
[PlyCount "105"]
[EventDate "2018.??.??"]
[EventType "blitz"]

1. e4 e5 2. Nf3 Nc6 3. c3 Bc5 4. Be2 d6 5. O-O h6 6. Qc2 Nf6 7. h3 O-O 8. Rd1
Be6 9. d4 exd4 10. cxd4 Bb6 11. d5 Bxd5 12. exd5 Ne7 13. Bc4 Ng6 14. Nc3 Nh5
15. Bd3 Ngf4 16. Bxf4 Nxf4 17. Be4 Qf6 18. Qd2 Rae8 19. Na4 Rxe4 20. Nxb6 axb6
21. Qc2 Rfe8 22. Qxc7 Nxh3+ 23. Kf1 Ng5 24. Nxg5 hxg5 25. Qxb7 Qxb2 26. Rab1
Qe2+ 27. Kg1 g4 28. Qxb6 g3 29. fxg3 Qxa2 30. Qxd6 Qa7+ 31. Kh2 Qe3 32. Rh1
R4e5 33. Rbe1 Qh6+ 34. Qxh6 gxh6 35. Rxe5 Rxe5 36. Rd1 Kf8 37. d6 Ke8 38. d7+
Kd8 39. Kh3 Re7 40. Kg4 Rxd7 41. Rxd7+ Kxd7 42. Kf5 Ke7 43. g4 Kf8 44. Kf6 Kg8
45. g3 Kf8 46. g5 hxg5 47. Kxg5 Kg7 48. Kf5 Kf8 49. g4 Kg7 50. g5 Kf8 51. Kf6
Kg8 52. g6 fxg6 53. Kxg6 1/2-1/2

[Event "FICS rated blitz game"]
[Site "FICS freechess.org"]
[Date "2018.01.11"]
[Round "?"]
[White "arkom"]
[Black "atKnight"]
[Result "0-1"]
[WhiteElo "1369"]
[BlackElo "1357"]
[PlyCount "38"]
[EventDate "2018.??.??"]
[EventType "blitz"]

1. e4 e5 2. Nf3 Nc6 3. c3 d5 4. exd5 Qxd5 5. Be2 Nf6 6. d3 Bd6 7. O-O h6 8. Be3
O-O 9. Nbd2 Bf5 10. b4 a6 11. a4 b6 12. c4 Qe6 13. c5 Be7 14. cxb6 cxb6 15. b5
axb5 16. axb5 Nb4 17. Rxa8 Rxa8 18. Nc4 Nd7 19. Nxb6 Nxb6 {White resigns} 0-1

[Event "FICS rated blitz game"]
[Site "FICS freechess.org"]
[Date "2018.01.11"]
[Round "?"]
[White "kungzeb"]
[Black "rauge"]
[Result "0-1"]
[WhiteElo "1774"]
[BlackElo "1737"]
[PlyCount "130"]
[EventDate "2018.??.??"]
[EventType "blitz"]

1. e4 e5 2. Nf3 Nc6 3. c3 Nf6 4. d4 d6 5. dxe5 dxe5 6. Qxd8+ Kxd8 7. Bg5 Be7 8.
Nbd2 Be6 9. Bc4 Bxc4 10. Nxc4 Nxe4 11. Bxe7+ Kxe7 12. Ncxe5 Nxe5 13. Nxe5 Rad8
14. Nf3 Rd6 15. O-O Nd2 16. Rfe1+ Kf6 17. Nd4 c5 18. Nb5 Rb6 19. Nc7 Rxb2 20.
Nd5+ Kg6 21. Re2 Nf3+ 22. gxf3 Rxe2 23. Nf4+ Kf5 24. Nxe2 Re8 25. Kf1 Re6 26.
Rd1 Ra6 27. Rd7 Rxa2 28. Rxf7+ Kg6 29. Rxb7 Ra1+ 30. Kg2 Ra2 31. Nf4+ Kf6 32.
c4 Rc2 33. Rxa7 Rxc4 34. Nd5+ Kg6 35. Rc7 Rc1 36. Ne3 h5 37. f4 Kf6 38. Rc6+
Kf7 39. f5 Kf8 40. Kh3 Kf7 41. Kh4 Rh1 42. Kg3 Rg1+ 43. Kf3 Rc1 44. h4 Rh1 45.
Ng2 Rh3+ 46. Kf4 Rh2 47. Ne3 Rxh4+ 48. Ke5 Rh2 49. Rxc5 Rxf2 50. Rc7+ Kg8 51.
Nd5 Re2+ 52. Kf4 Rd2 53. Ne7+ Kh7 54. Ng6 Rd8 55. Kg5 Rf8 56. Rc5 Rf6 57. Kxh5
Kg8 58. Rc8+ Kf7 59. Rc7+ Ke8 60. Ne5 Rxf5+ 61. Kg6 Rxe5 62. Kxg7 Re6 63. Rb7
Kd8 64. Kh7 Re5 65. Ra7 Kc8 0-1

[Event "FICS rated blitz game"]
[Site "FICS freechess.org"]
[Date "2018.01.11"]
[Round "?"]
[White "kiknit"]
[Black "HurtU"]
[Result "0-1"]
[WhiteElo "1424"]
[BlackElo "1326"]
[PlyCount "54"]
[EventDate "2018.??.??"]
[EventType "blitz"]

1. e4 e5 2. Nf3 Nc6 3. c3 d6 4. d4 Bg4 5. h3 Bh5 6. g4 Bg6 7. Bg5 Be7 8. h4
Bxe4 9. Bg2 Bxg5 10. hxg5 Bxf3 11. Bxf3 Qxg5 12. Nd2 exd4 13. Ne4 Qe7 14. Qb3
O-O-O 15. O-O-O dxc3 16. Nxc3 Qd7 17. Qa3 a6 18. Nd5 Nge7 19. Kb1 Nxd5 20. Bxd5
h6 21. Rd3 Rhe8 22. Bc4 Ne5 23. Bxa6 Nxd3 24. Bxd3 Qxg4 25. Qa5 Re5 26. Qa8+
Kd7 27. Bf1 Qd1# {White checkmated} 0-1

[Event "FICS rated blitz game"]
[Site "FICS freechess.org"]
[Date "2018.01.11"]
[Round "?"]
[White "uppersnatch"]
[Black "Yaku"]
[Result "0-1"]
[WhiteElo "1411"]
[BlackElo "1290"]
[PlyCount "36"]
[EventDate "2018.??.??"]
[EventType "blitz"]

1. e4 e5 2. Nf3 Nc6 3. c3 Nf6 4. d4 Nxe4 5. Nxe5 Qf6 6. Nf3 d5 7. h3 Bd6 8. Bd3
O-O 9. O-O Re8 10. Qb3 Bxh3 11. Qxd5 Bf5 12. Re1 Rad8 13. Qb5 b6 14. Qxc6 Bh2+
15. Nxh2 Qxc6 16. Na3 Nxf2 17. Bb5 Rxe1+ 18. Kxf2 Qe4 {White resigns} 0-1

[Event "FICS rated blitz game"]
[Site "FICS freechess.org"]
[Date "2018.01.11"]
[Round "?"]
[White "chessBULLY"]
[Black "jestsahist"]
[Result "0-1"]
[WhiteElo "1478"]
[BlackElo "1434"]
[PlyCount "92"]
[EventDate "2018.??.??"]
[EventType "blitz"]

1. e4 e5 2. Nf3 Nc6 3. c3 Bc5 4. d4 exd4 5. cxd4 Nxd4 6. Nxd4 Qf6 7. Nf5 Ne7 8.
Bd3 Nxf5 9. exf5 O-O 10. Be3 Re8 11. O-O Qxb2 12. Nd2 Bxe3 13. fxe3 Qe5 14. e4
d5 15. Nf3 Qf4 16. e5 Qe3+ 17. Kh1 c5 18. f6 g6 19. Qd2 Qxd2 20. Nxd2 c4 21.
Bc2 b5 22. Nf3 Bg4 23. Rae1 Re6 24. Ng5 Rc6 25. a4 a6 26. Rb1 Rb8 27. axb5 axb5
28. Ba4 Rc5 29. Rfe1 b4 30. e6 Bxe6 31. Nxe6 fxe6 32. Rxe6 Kf7 33. Rd6 c3 34.
Re1 Rb7 35. Bc6 Rc7 36. Bxd5+ Rxd5 37. Rxd5 c2 38. Rc1 b3 39. Rb5 Rc3 40. h3
Kxf6 41. Kg1 Ke6 42. Kf2 Kd6 43. Ke2 Kc6 44. Rb8 Kc7 45. Rb4 Kc6 46. Kd2 Rg3
0-1

[Event "FICS rated blitz game"]
[Site "FICS freechess.org"]
[Date "2018.01.11"]
[Round "?"]
[White "Feestt"]
[Black "herbsol"]
[Result "0-1"]
[WhiteElo "1136"]
[BlackElo "1182"]
[PlyCount "81"]
[EventDate "2018.??.??"]
[EventType "blitz"]

1. e4 e5 2. Nf3 Nc6 3. c3 d6 4. h3 Nf6 5. Qe2 Be7 6. d4 exd4 7. cxd4 h6 8. Qe3
O-O 9. Bd3 Re8 10. O-O Nb4 11. Na3 a6 12. Bc4 b5 13. Be2 Bb7 14. d5 c6 15. Bd2
a5 16. Bxb4 axb4 17. Nc2 cxd5 18. Bxb5 Rf8 19. Nxb4 dxe4 20. Nc6 Bxc6 21. Bxc6
exf3 22. Qxf3 Rb8 23. b3 Qa5 24. a4 d5 25. Bb5 Rfd8 26. Rad1 Ne4 27. Bd3 Nd2
28. Rxd2 Qxd2 29. Qf5 g6 30. Qe5 Bd6 31. Qe3 Qxe3 32. fxe3 Rxb3 33. Rd1 Re8 34.
Bc2 Rc3 35. Bb1 Rcxe3 36. Rxd5 Re1+ 37. Kf2 R8e2+ 38. Kf3 Re3+ 39. Kg4 Rxb1 40.
Rxd6 Rb4+ 41. Rd4 {White resigns} 0-1

[Event "FICS rated blitz game"]
[Site "FICS freechess.org"]
[Date "2018.01.11"]
[Round "?"]
[White "Chilenodecorazon"]
[Black "wahoonc"]
[Result "0-1"]
[WhiteElo "1378"]
[BlackElo "1453"]
[PlyCount "92"]
[EventDate "2018.??.??"]
[EventType "blitz"]

1. e4 e5 2. Nf3 Nc6 3. c3 Bc5 4. d4 exd4 5. cxd4 Bb6 6. Nc3 d6 7. d5 Nce7 8. h3
Ng6 9. Be2 f6 10. Nh2 N8e7 11. Ng4 O-O 12. Be3 f5 13. exf5 Nxf5 14. Bxb6 axb6
15. O-O Nf4 16. Bf3 Nh4 17. Rc1 Nxh3+ 18. gxh3 Nxf3+ 19. Kg2 Qh4 20. Qxf3 Rxf3
21. Kxf3 Bd7 22. Rce1 Rf8+ 23. Kg2 Bxg4 24. hxg4 Qxg4+ 25. Kh2 Rf3 26. Re4 Qh3+
27. Kg1 h6 28. Ne2 Qf5 29. Ng3 Qxd5 30. Rfe1 Kh7 31. Kg2 Rf6 32. R1e3 Qxa2 33.
Nh5 Rg6+ 34. Kf3 Qxb2 35. Nf4 Rf6 36. Kg3 c6 37. Nh5 Rg6+ 38. Kf3 d5 39. Re7 d4
40. R3e4 d3 41. Nf4 Rf6 42. Kg2 d2 43. Nh5 Rg6+ 44. Kh3 d1=Q 45. Ng3 Qxf2 46.
Rh4 Qxg3# {White checkmated} 0-1

[Event "FICS rated blitz game"]
[Site "FICS freechess.org"]
[Date "2018.01.11"]
[Round "?"]
[White "mougly"]
[Black "Jasf"]
[Result "1-0"]
[WhiteElo "1412"]
[BlackElo "1529"]
[PlyCount "69"]
[EventDate "2018.??.??"]
[EventType "blitz"]

1. e4 e5 2. Nf3 Nc6 3. c3 d5 4. exd5 Qxd5 5. c4 Qd8 6. Nc3 Nf6 7. d3 Be7 8. Be2
O-O 9. Bg5 h6 10. Bh4 Nh7 11. Bxe7 Qxe7 12. Nd5 Qd6 13. O-O f5 14. a3 Nf6 15.
Nxf6+ Qxf6 16. b4 g5 17. b5 Ne7 18. Qb3 Kg7 19. Rfe1 g4 20. Nd2 f4 21. Bf1 Qh4
22. g3 Qf6 23. Ne4 Qf5 24. Qb2 Ng6 25. d4 Kh7 26. dxe5 Nxe5 27. Rad1 Nf3+ 28.
Kg2 Qh5 29. Ng5+ hxg5 30. Re7+ Rf7 31. Bd3+ Kh6 32. h4 gxh3+ 33. Kh1 fxg3 34.
Qf6+ Rxf6 35. Rh7# {Black checkmated} 1-0

[Event "FICS rated blitz game"]
[Site "FICS freechess.org"]
[Date "2018.01.11"]
[Round "?"]
[White "BiH"]
[Black "VPolevikov"]
[Result "1/2-1/2"]
[WhiteElo "1632"]
[BlackElo "1659"]
[PlyCount "91"]
[EventDate "2018.??.??"]
[EventType "blitz"]

1. e4 e5 2. Nf3 Nc6 3. c3 g6 4. d4 exd4 5. cxd4 d6 6. h3 Bg7 7. Nc3 Nge7 8. Be3
O-O 9. a3 h6 10. Bd3 f5 11. Bc4+ Kh7 12. O-O fxe4 13. Nxe4 d5 14. Neg5+ hxg5
15. Nxg5+ Kh8 16. Bd3 Nf5 17. Qg4 Ncxd4 18. Bxd4 Bxd4 19. Bxf5 Bxf5 20. Qh4+
Kg7 21. Qh7+ Kf6 22. Qh4 Rh8 23. Nh7+ Kg7 24. Qxd4+ Kxh7 25. g4 Be6 26. Rae1
Qd6 27. f4 Raf8 28. Kg2 c5 29. Qe3 Bd7 30. Qe7+ Qxe7 31. Rxe7+ Kh6 32. Rxd7 d4
33. Rd5 Rc8 34. Re1 Rhd8 35. Ree5 Rxd5 36. Rxd5 b6 37. Kg3 Re8 38. g5+ Kh5 39.
Rd7 Re3+ 40. Kg2 Re2+ 41. Kg3 Re3+ 42. Kg2 Re2+ 43. Kg3 Re3+ 44. Kg2 Re2+ 45.
Kg3 Re3+ 46. Kg2 1/2-1/2

[Event "FICS rated blitz game"]
[Site "FICS freechess.org"]
[Date "2018.01.11"]
[Round "?"]
[White "proximab"]
[Black "Geforce"]
[Result "1-0"]
[WhiteElo "2053"]
[BlackElo "2118"]
[PlyCount "79"]
[EventDate "2018.??.??"]
[EventType "blitz"]

1. e4 e5 2. Nf3 Nc6 3. c3 d6 4. d4 Nf6 5. d5 Ne7 6. Bd3 h6 7. O-O g5 8. Be3 Ng6
9. Bb5+ Bd7 10. Qa4 a6 11. Bxd7+ Nxd7 12. h3 Be7 13. Qb3 b6 14. c4 Kf8 15. Nc3
Kg7 16. a3 Bf6 17. Rad1 h5 18. Nh2 Nc5 19. Bxc5 bxc5 20. Qa4 Nf4 21. Qc2 Qd7
22. Ne2 Rag8 23. Qd2 Kf8 24. Nxf4 exf4 25. b3 Be5 26. Qa5 g4 27. hxg4 hxg4 28.
Qxa6 Qd8 29. Qb7 f3 30. g3 Rh5 31. Rd3 Qf6 32. Qc8+ Kg7 33. Qxg4+ Rg5 34. Qd7
Rh8 35. Nxf3 Rgh5 36. Qxc7 Qh6 37. Nh4 Rxh4 38. gxh4 Qxh4 39. Rg3+ Bxg3 40.
Qxf7+ 1-0